Victorias d'Africa : (Record no. 85922)
[ view plain ]
| 000 -LEADER | |
|---|---|
| fixed length control field | 00861cam6a220020500 4500 |
| 001 - CONTROL NUMBER | |
| control field | tmp15751952 |
| 003 - CONTROL NUMBER IDENTIFIER | |
| control field | UPRA |
| 005 - DATE AND TIME OF LATEST TRANSACTION | |
| control field | 20190816101058.0 |
| 008 - FIXED-LENGTH DATA ELEMENTS--GENERAL INFORMATION | |
| fixed length control field | 951019s1896 po por u |
| 035 ## - SYSTEM CONTROL NUMBER | |
| System control number | (Sirsi) r39244 |
| 035 ## - SYSTEM CONTROL NUMBER | |
| System control number | (UPRA)tmp15751952 |
| 040 ## - CATALOGING SOURCE | |
| Transcribing agency | UPRA |
| 100 2# - MAIN ENTRY--PERSONAL NAME | |
| Personal name | Campos Junior, Antonio de, 1850-1917. |
| Dates associated with a name | Campos Junior, Antonio de, 1850-1917. |
| Linkage | A92938.1 |
| 245 10 - TITLE STATEMENT | |
| Title | Victorias d'Africa : |
| Remainder of title | a defeza de Lourenco Marques et as campanhas do valle do incomati e do paiz de Gaza, 1894-1895. |
| 260 ## - PUBLICATION, DISTRIBUTION, ETC. | |
| Place of publication, distribution, etc. | Lisboa : |
| Name of publisher, distributor, etc. | Typ.- Rua do Norte, |
| Date of publication, distribution, etc. | 1896. |
| 500 ## - GENERAL NOTE | |
| General note | At head of title: Antonio de Campos Junior. |
| 651 #0 - SUBJECT ADDED ENTRY--GEOGRAPHIC NAME | |
| Geographic name | Mozambique -- Military history -- 19th century. |
| General subdivision | Mozambique -- Military history -- 19th century. |
| Chronological subdivision | Mozambique -- Military history -- 19th century. |
| Linkage | S66551.1 |
| 949 ## - LOCAL PROCESSING INFORMATION (OCLC) | |
| a | DT463 |
| w | lcc |
| i | -47148 |
| m | MAIN |
| t | BOOK |
| l | ON-SHELF |
No items available.